| 000 | 00356 a2200157 4500 | ||
|---|---|---|---|
| 001 | 190454 | ||
| 020 | _a978-0-19-846692-5 | ||
| 040 | _cMagnum | ||
| 100 | _aDonaldson, Julia | ||
| 240 | 1 | 0 |
_aThe upside - down browns _lING |
| 245 | 1 | 0 | _aThe upside - down browns |
| 300 | _a24 | ||
| 362 | 0 | _a2008 | |
| 697 | _aLITERATURA INFANTIL INGLESA | ||
| 942 | _cBK | ||
| 999 |
_c190454 _d190454 |
||